[Event "Seville City-ch Blitz"]
[Site "Seville"]
[Date "2023.02.28"]
[Round "6"]
[White "Caballero Garcia, Lucas"]
[Black "Jimenez Aguilar, Jose Antonio"]
[Result "0-1"]
[WhiteElo "1840"]
[BlackElo "1793"]
[PlyCount "120"]
[EventDate "2023.02.28"]
[EventType "swiss (blitz)"]
[EventRounds "10"]
[EventCountry "ESP"]
[SourceTitle "CBM 213 Extra"]
[Source "ChessBase"]
[SourceDate "2023.05.31"]
[SourceVersion "1"]
[SourceVersionDate "2023.05.31"]
[SourceQuality "1"]

1. d4 Nf6 2. Nf3 d5 3. Bf4 Bf5 4. e3 e6 5. c4 c6 6. Nc3 Bd6 7. Bg3 h6 8. Be2 Bxg3 9. hxg3 Nbd7 10. cxd5 exd5 11. a3 Qb6 12. Qd2 0-0 13. 0-0 Rfe8 14. Rac1 Rac8 15. Na4 Qc7 16. Nc5 Nxc5 17. Rxc5 Ne4 18. Qc1 Nxc5 19. Qxc5 Qb6 20. Qc3 c5 21. dxc5 Qxc5 22. Qb3 Qc2 23. Qxc2 Rxc2 24. Nd4 Rxb2 25. Bf3 Be4 26. Rc1 Rb1 27. Rxb1 Bxb1 28. Bxd5 Be4 29. Bb3 Rc8 30. a4 a6 31. f3 Bg6 32. Kf2 Kf8 33. e4 Ke7 34. Ke3 Rc3+ 35. Kd2 Rc5 36. Bd5 b5 37. axb5 axb5 38. Nb3 Rc7 39. Kd3 f5 40. Nd4 fxe4+ 41. fxe4 b4 42. Bc4 Bxe4+ 43. Kxe4 Rxc4 44. Kd3 Rc3+ 45. Kd2 Rxg3 46. Nc6+ Kd6 47. Nxb4 Rxg2+ 48. Ke3 h5 49. Nd3 Rg3+ 50. Ke4 Rxd3 51. Kxd3 Ke5 52. Ke3 g5 53. Kf3 Kf5 54. Kg3 h4+ 55. Kh3 Kf4 56. Kg2 Kg4 57. Kh2 Kf3 58. Kh3 g4+ 59. Kxh4 g3 60. Kh3 Kf2 0-1

[Event "Seville op 38th"]
[Site "Seville"]
[Date "2013.01.19"]
[Round "9"]
[White "Blanco Acevedo, Cristobal Jose"]
[Black "Jimenez Aguilar, Jose Antonio"]
[Result "1-0"]
[WhiteElo "2347"]
[BlackElo "1993"]
[PlyCount "61"]
[EventDate "2013.01.11"]
[EventType "swiss"]
[EventRounds "9"]
[EventCountry "ESP"]
[SourceTitle "CBM 152 Extra"]
[Source "ChessBase"]
[SourceDate "2013.02.25"]
[SourceVersion "1"]
[SourceVersionDate "2013.02.25"]
[SourceQuality "1"]

1. e4 e5 2. Nf3 Nc6 3. Bb5 a6 4. Ba4 Nf6 5. Nc3 Be7 6. 0-0 b5 7. Bb3 d6 8. a4 b4 9. Nd5 Be6 10. d4 Bxd5 11. exd5 Nxd4 12. Nxd4 exd4 13. Qxd4 a5 14. Bd2 0-0 15. c3 bxc3 16. Bxc3 Ne8 17. Qd2 Qb8 18. Bc2 Qb6 19. Rfe1 Bd8 20. Ra3 g6 21. Rb3 Qa6 22. Rb5 Qc8 23. h3 Rb8 24. Rxa5 c6 25. Ra7 c5 26. Rxe8 Rxe8 27. Qh6 Re5 28. f4 Bf6 29. fxe5 dxe5 30. Qe3 c4 31. Qf2 1-0